| 000 | 01225nam0a2200325 4500 | ||
|---|---|---|---|
| 001 | RU\NLR\BIBL_A\022436620 | ||
| 005 | 20260406165504.0 | ||
| 035 | _a(NLR Aleph) 022436620 | ||
| 090 |
_a13348748 _c13348748 |
||
| 100 | _a20250127d1942 m y0rusy50 ca | ||
| 101 | 0 |
_akaz _crus |
|
| 102 | _aKZ | ||
| 105 | _ay z 000 y | ||
| 181 | 0 |
_ai _baxxe |
|
| 182 | 0 | _an | |
| 200 | 1 |
_aҚаһарман-халық _e[пер. с рус.] _fС. Сергеев-Ценский |
|
| 203 |
_aТекст _bвизуальный _cнепосредственный |
||
| 210 |
_aАлматы _cҚазақтың Мемлекеттік Біріккен Баспасы _d1942 |
||
| 215 |
_a22,[1] с. _d13 |
||
| 225 | 1 | _aҚызыл аскер кітапханасы | |
| 300 | _aбез титул. л., описано по обл. | ||
| 541 | 1 |
_aНарод-герой _zrus |
|
| 686 | 1 | _aШ6(2=Каз)-91Р7-4 | |
| 700 | 1 |
_4070 _8rus _7ca _aСергеев-Ценский _bС. Н. _f1875-1958 _gСергей Николаевич _3RU\NLR\AUTH\7711802 _9121541 |
|
| 852 |
_aNLR _bОНЛ _jКазах./1-375 |
||
| 942 | _cBOOK | ||
| 945 | _aРоссийская национальная библиотека | ||
| 980 | _aBV | ||
| 980 | _aNB | ||